Liverpool - Choix multiples - Statistiques

Statistiques générales
  • Ce quiz a été pris 4 286 fois
    4 229 depuis la dernière actualisation
  • Le résultat moyen est 6 sur 10
Statistiques - réponses
Question Réponse % Correct
Sur laquelle de ces pochettes d'album trouve-t-on un groupe de musique mondialement connu originaire de Liverpool ?
94%
Quel titre porte l'hymne chanté par les supporters du Liverpool FC ? You'll never walk alone
83%
Comment s’appelle le club rival du Liverpool FC, aussi le nom d'un quartier de la ville ? Everton
73%
À quelle ville Liverpool fut reliée par la première ligne de chemin de fer de l'histoire ? Manchester
65%
Par quel fleuve Liverpool est-elle traversée ? La Mersey
58%
Quelle spécialité culinaire de Liverpool, un ragoût de viande et de légumes, donne aussi leur surnom aux habitants ? Le Scouse
56%
Comment se nomme l’aéroport de Liverpool ? John Lennon Airport
55%
Dans quel trafic le port de Liverpool a-t-il été tristement le plus important d’Europe ? La traite transatlantique
47%
Comment s’appellent les habitants de Liverpool ? Les Liverpuldiens
45%
Laquelle de ces images a été prise à Liverpool ?
34%
Aucun quiz correspondant
Distribution des résultats
% des personnes avec chaque résultat
Percentile par nombre de réponses
Votre historique - résultats
Vous n’avez pas pris ce quiz depuis la dernière actualisation